000 01318cab a2200241 4500
001 ABS52103
008 090401t1994 xxu||||| |||| 00| 0 eng d
035 _a(Sirsi) u60849
041 _aeng
245 _aKent CC v SoS Environment and Canterbury CC
260 _c1994
350 _a0
490 _aProperty and Compensation Reports
_v(1994) 68 PCR 520-524(5)
520 _aQBD 12 May 1994. The SoS refused conservation area consent to K who had sought permission for the demolition of two bridges on land within a conservation area on the grounds that the proposed replacement schemes would not preserve or enhance the appearance of the conservation area. K challenged the decision on the grounds that new works did not require conservation area consent under Listed Buildings and Conservation Areas Act 1990 only the demolition work did. Application dismissed; in deciding whether to grant or withhold conservation area consent, the nature and appearance of a replacement structure was a relevant consideration.
650 _aCONSERVATION AREA CONSENT
650 _aCONSERVATION AREAS
650 _aKENT CC V SOS ENVIRONMENT
650 _aLISTED BUILDINGS AND CONSERVATION AREAS ACT 1990
650 _aMATERIAL CONSIDERATIONS
690 _aCONSERVATION-CASE LAW
942 _n0
948 _c04/03/1997
999 _c37621
_d37621